| 000 | 00493nam a2200169Ia 4500 | ||
|---|---|---|---|
| 008 | 180921t2014 xxu||||| |||| 00| 0 sin d | ||
| 041 | _asin | ||
| 080 |
_a294.3 _bUPA |
||
| 100 | _aUpananda,Ratthota | ||
| 245 | _a'ධම්ම'' පිළිබද නිර්වචන ව්මර්ශනය | ||
| 246 | _a'Dhamma'' Pilibada Nirwachana Vimarshanaya | ||
| 260 |
_bGodage _aColombo _c2014 |
||
| 300 | _b96p, 21cm | ||
| 942 | _cBK | ||
| 999 |
_c5853 _d5853 |
||
| 003 | LK-CoDNM | ||
| 040 |
_aLK-CoDNM _dLK-CoDNM _eLK-CoDNM |
||